Biblioteca

An introduction to biblical hermeneutics (Registro nro. 64598)

Detalles MARC
000 -LÍDER
Campo fijo de descripción fija 02104nam a22003614i 4500
001 - NÚMERO DE CONTROL
Campo de control 29258790
003 - IDENTIFICADOR DEL NÚMERO DE CONTROL
Campo de control OCoLC
005 - FECHA Y HORA DE LA ULTIMA TRANSACCIÓN
control field 20181003092637.0
008 - ELEMENTOS DE LONGITUD FIJA -- INFORMACIÓN GENERAL
Campo fijo de descripción fija -- Información general 931014s1994 miu b 001 0 eng
010 ## - NÚMERO DE CONTROL DE LA BIBLIOTECA DEL CONGRESO
Número de control LC 93033915
020 ## - NÚMERO INTERNACIONAL NORMALIZADO PARA LIBROS
Número Internacional Normalizado del libro 0310530903 (alk. paper)
040 ## - FUENTE DE CATALOGACIÓN
Agencia de catalogación original DLC
Agencia que realiza la modificación CWS
Idioma de catalogación spa
Agencia que realiza la transcripción CO-MdFUSB
Convenciones de la descripción rda
041 ## - CÓDIGO DE IDIOMA
Código de idioma para texto/pista de sonido o título separado eng
082 ## - NÚMERO DE CLASIFICACIÓN DECIMAL DEWEY
Número de la edición del Dewey 23
Número de clasificación 220.6
Clave de autor-Numero de item K13
100 1# - ASIENTO PRINCIPAL--NOMBRE PERSONAL
Nombre personal Kaiser, Walter C.,
Fechas asociadas con el nombre 1933-
Término relacionador autor
245 13 - TÍTULO
Título del Material An introduction to biblical hermeneutics
Parte restante del título - Subtitulo : the search for meaning
Mención de responsabilidad, etc. / Walter C. Kaiser, Jr., y Moises Silva.
264 #1 - PRODUCCIÓN, PUBLICACIÓN, DISTRIBUCIÓN, MANUFACTURA, Y COPYRIGHT
Lugar de producción, publicación, distribución, manufactura Grand Rapids, Mich. :
Nombre del productor, publicador, distribuidor Zondervan,
Fecha de producción, publicación, distribución, manufactura, o copyright ℗[1994]
264 #4 - PRODUCCIÓN, PUBLICACIÓN, DISTRIBUCIÓN, MANUFACTURA, Y COPYRIGHT
Fecha de producción, publicación, distribución, manufactura, o copyright ©1994
300 ## - DESCRIPCIÓN FÍSICA
Extensión 298 páginas ;
Dimensiones 25 cm.
336 ## - TIPO DE CONTENIDO
Fuente rdacontent
Término de tipo de contenido texto
Código de tipo de contenido txt
337 ## - TIPO DE MEDIO
Fuente rdamedia
Nombre del tipo de medio sin mediación
Código del tipo de medio n
338 ## - TIPO DE SOPORTE
Fuente rdacarrier
Nombre del tipo de soporte volumen
Código Tipo de soporte nc
505 0# - NOTA DE CONTENIDO
Título Parte 1. La búsqueda de sentido: direcciones iniciales.
Nota de contenido con formato preestablecido ¿Quién necesita hermenéutica de todos modos? -- El significado del significado -- Seamos lógicos: usar y abusar del lenguaje
505 0# - NOTA DE CONTENIDO
Título Parte 2. Entender el texto: Significado en los géneros literarios.
Nota de contenido con formato preestablecido "Recordaré los hechos del Señor": El significado de las narraciones -- "Mi corazón está conmovido por un tema noble": El significado de la poesía y la sabiduría -- "Pero éstas están escritas para que puedas creer": El significado de Los evangelios -- Cómo leer una carta: El significado de las epístolas -- ¿Qué pasa con el futuro? El significado de la profecía
505 0# - NOTA DE CONTENIDO
Título Parte 3. Responder al texto: Significado y aplicación.
Nota de contenido con formato preestablecido "Como el venado jadea las corrientes de agua": el uso devocional de la Biblia -- Obedecer la Palabra: El uso cultural de la Biblia -- Poner todo junto: El uso teológico de la Biblia
505 0# - NOTA DE CONTENIDO
Título Parte 4. La búsqueda de significado: Más adelante retos
Nota de contenido con formato preestablecido Una breve historia de la interpretación -- Enfoques contemporáneos de la interpretación -- El caso de la hermenéutica calvinista -- Observaciones finales.
563 ## - NOTA DE ENCUADERNACIÓN
Nota de encuadernación Tapa dura
650 #7 - ASIENTO SECUNDARIO DE MATERIA - TERMINO TEMÁTICO
Término temático o nombre geográfico como elemento de entrada Hermenéutica
9 (RLIN) 418
700 1# - ASIENTO SECUNDARIO - NOMBRE PERSONAL
Nombre personal Silva, Moisés.
Responsabilidad autor
942 ## - TIPO DE MATERIAL (KOHA)
Tipo de Item KOHA Libros General
Existencias
Estado de Material Estado de Perdido Forma de Clasificación Estado de Dañado No para Préstamo Colección Biblioteca de Origen Biblioteca Permanente Fecha de Adquisición Total de Préstamos Signatura Topográfica Código de Barras Última vez visto Ejemplar/Existencia Fecha de Remplazo Tipo de Material
    Dewey Decimal Classification     Colección General Biblioteca FUSBC Biblioteca FUSBC 03/10/2018   G 220.6 K13i 4948 26/02/2025 Ej. 1 03/10/2018 Libros General

Biblioteca FUSBC | Teléfono: (57+4) 349 88 10 Ext. 141| WhatsApp (+57) 3005338115 
E-mail: biblioteca@unisbc.edu.co | Calle 76 87-14 Robledo Palenque, Medellín, Colombia

Con tecnología Koha